000 00301nam a2200133Ia 4500
100 _aRajaraman/V
942 _cBK
654 _aprogramming
245 _aComputer programming in fortran-IV
260 _bprentice hall
_aNew Delhi
_c1984
082 _a1.6424
_bRAJ
300 _a178
546 _aENGLISH
999 _c19821
_d19821